000 00652nam a22001937a 4500
005 20251108164720.0
008 250721s2005 xx 000 0 ara d
082 1 4 _aم/341.0266569105694/زيا
100 1 _aزيادة، رضوان
245 1 0 _aالسلام الداني المفاوضات السورية - الإسرائيلية /
264 1 _aبيروت :
_bمركز دراسات الوحدة العربية،
_c2005.
300 _a860ص.
490 0 _aمركز دراسات الوحدة العربية
650 1 7 _aمفاوضات السلام
650 1 7 _aسوريا
650 1 7 _aاسراايل
942 _2ddc
_cREF
999 _c12577
_d12577